[Event "SR 5. liga SE-SI 2014/2015"]
[Site "?"]
[Date "2015.03.21"]
[Round "11.2"]
[White "Cibula, Marian"]
[Black "Papanek, Lubomir"]
[Result "0-1"]
[WhiteElo "1000"]
[BlackElo "1616"]
[PlyCount "97"]
[EventDate "2014.??.??"]

1. e4 d5 2. exd5 Qxd5 3. Nc3 Qa5 4. Nf3 c6 5. Bc4 Bf5 6. O-O e6 7. d4 Bd6 8.
Re1 Nf6 9. d5 cxd5 10. Nxd5 Nxd5 11. Bxd5 Qc7 12. Bxb7 Qxb7 13. Qxd6 Qc6 14.
Qxc6+ Nxc6 15. Ne5 Nxe5 16. Rxe5 O-O 17. c3 Rfd8 18. Bf4 Rd3 19. Re3 Rad8 20.
Rxd3 Rxd3 21. Be3 a6 22. Bd4 Rd2 23. b3 f6 24. Kf1 e5 25. Ke1 Rc2 26. Bb6 Rxc3
27. f3 Rc2 28. Kf1 Kf7 29. a4 Rb2 30. Ra3 Bc2 31. a5 Bxb3 32. Ra1 Bc4+ 33. Kg1
Bd3 34. Ra3 Bb5 35. Rc3 Rd2 36. h4 h5 37. Kh2 g5 38. hxg5 fxg5 39. Rc5 Bf1 40.
Rxe5 Rxg2+ 41. Kh1 Rg3 42. f4 Bg2+ 43. Kh2 gxf4 44. Rf5+ Ke6 45. Rxf4 Rg6 46.
Rh4 Bf3 47. Rh3 Rg2+ 48. Kh1 Be4 49. Rh2 0-1

[Event "SR 5. liga SE-SI 2014/2015"]
[Site "?"]
[Date "2015.03.21"]
[Round "11.2"]
[White "Mraz, Jan"]
[Black "Skrabakova, Monika"]
[Result "1-0"]
[WhiteElo "1000"]
[BlackElo "1000"]
[PlyCount "83"]
[EventDate "2014.??.??"]

1. d4 d5 2. c4 Nf6 3. Nc3 e6 4. Bd2 Be7 5. e3 O-O 6. Rc1 Nc6 7. a3 dxc4 8. Bxc4
Bd7 9. Nge2 e5 10. dxe5 Nxe5 11. Nb1 Bc6 12. O-O Qd6 13. Bb4 Qxd1 14. Rfxd1
Bxb4 15. axb4 h6 16. Nd4 Bd7 17. Be2 Rad8 18. Rxc7 g6 19. Rdc1 Nd5 20. Rxb7 Kg7
21. Rc5 Bc8 22. Rxa7 Rd7 23. Rxd7 Bxd7 24. Rxd5 Re8 25. h3 f6 26. Bb5 Rd8 27.
Ne6+ Kf7 28. Nxd8+ Ke7 29. Nb7 Ke6 30. Rxd7 Nxd7 31. Bxd7+ Kxd7 32. b5 Kc7 33.
Nc5 Kb6 34. Nd7+ Kxb5 35. Nxf6 Kc5 36. Nd2 Kd6 37. b4 Kc6 38. e4 Kc7 39. Nc4
Kd8 40. b5 Ke7 41. e5 Ke6 42. b6 1-0

[Event "SR 5. liga SE-SI 2014/2015"]
[Site "?"]
[Date "2015.03.21"]
[Round "11.3"]
[White "Nemeckay, Dominik"]
[Black "Vach, Jozef"]
[Result "1/2-1/2"]
[WhiteElo "1415"]
[BlackElo "1778"]
[PlyCount "41"]
[EventDate "2014.??.??"]

1. e4 c5 2. Nf3 Nc6 3. d4 cxd4 4. Nxd4 Nf6 5. Nc3 e5 6. Ndb5 d6 7. Be3 a6 8.
Na3 b5 9. Nd5 Rb8 10. c3 Ng4 11. Nc2 Nxe3 12. Ncxe3 Bd7 13. Be2 Ne7 14. Bg4
Nxd5 15. Bxd7+ Qxd7 16. Nxd5 Be7 17. O-O O-O 18. Qe2 Rfd8 19. Rfd1 Bf8 20. Rd3
Kh8 21. Qh5 1/2-1/2

[Event "SR 5. liga SE-SI 2014/2015"]
[Site "?"]
[Date "2015.03.21"]
[Round "11.3"]
[White "Steiner, Juraj"]
[Black "Drinka, Robert"]
[Result "0-1"]
[WhiteElo "1000"]
[BlackElo "1418"]
[PlyCount "48"]
[EventDate "2014.??.??"]

1. d4 d5 2. Nc3 Nf6 3. Bf4 Bf5 4. Nb5 Na6 5. Nf3 e6 6. c3 Bd6 7. Bxd6 cxd6 8.
Qa4 O-O 9. Qa3 Ne4 10. e3 Qb6 11. b4 Nc7 12. Nxc7 Qxc7 13. Rc1 Rfc8 14. c4 a5
15. b5 a4 16. cxd5 Qxc1+ 17. Qxc1 Rxc1+ 18. Ke2 Rc2+ 19. Ke1 Rxa2 20. Nh4 Rc8
21. Be2 Rc1+ 22. Bd1 Nc3 23. f3 Re2+ 24. Kf1 Rxd1# 0-1

[Event "SR 5. liga SE-SI 2014/2015"]
[Site "?"]
[Date "2015.03.21"]
[Round "11.3"]
[White "Simek, Adam"]
[Black "Svrcek, Daniel"]
[Result "1-0"]
[WhiteElo "1060"]
[BlackElo "1000"]
[PlyCount "51"]
[EventDate "2014.??.??"]

1. e4 e6 2. d4 d5 3. Nc3 c5 4. dxc5 Bxc5 5. exd5 Bb4 6. Nge2 exd5 7. Qd4 Bxc3+
8. Qxc3 Nf6 9. Bg5 Nbd7 10. O-O-O Qb6 11. Bxf6 Nxf6 12. Nf4 Qxf2 13. Nxd5 Nxd5
14. Rxd5 Qf4+ 15. Rd2 O-O 16. Bc4 Bf5 17. Rf1 Qg5 18. h4 Qh5 19. Rd5 Qh6+ 20.
Kb1 Be6 21. Rd6 Rac8 22. b3 b5 23. Bxe6 Rxc3 24. Bxf7+ Rxf7 25. Rd8+ Rf8 26.
Rdxf8# 1-0

[Event "SR 5. liga SE-SI 2014/2015"]
[Site "?"]
[Date "2015.03.21"]
[Round "11.3"]
[White "Horak, Viliam"]
[Black "Jankovic, Vit"]
[Result "0-1"]
[WhiteElo "1000"]
[BlackElo "1000"]
[PlyCount "52"]
[EventDate "2014.??.??"]

1. d4 d5 2. c4 c5 3. Nc3 Nf6 4. cxd5 Nxd5 5. e4 Nxc3 6. bxc3 e6 7. Nf3 Bd6 8.
Bb5+ Bd7 9. Rb1 Qa5 10. Qd3 O-O 11. O-O a6 12. Bxd7 Nxd7 13. Rxb7 Nb6 14. Ng5
c4 15. Qf3 f6 16. Nxe6 Rf7 17. Rxf7 Kxf7 18. d5 Nd7 19. Rd1 Ne5 20. Qh5+ Kg8
21. Bf4 Qxc3 22. Bxe5 Bxe5 23. Qg4 f5 24. exf5 Qa5 25. d6 Bxd6 26. Rxd6 Qe1#
0-1

[Event "SR 5. liga SE-SI 2014/2015"]
[Site "?"]
[Date "2015.03.21"]
[Round "11.3"]
[White "Jankovic, Erik"]
[Black "Matula, Tomas"]
[Result "1-0"]
[WhiteElo "1000"]
[BlackElo "1000"]
[PlyCount "99"]
[EventDate "2014.??.??"]

1. d4 d5 2. Nc3 Nf6 3. Nf3 Nc6 4. Bf4 Bg4 5. h3 Bxf3 6. gxf3 h6 7. e3 g5 8. Be5
Nd7 9. Bxh8 f6 10. Nxd5 a5 11. f4 gxf4 12. exf4 Nb4 13. Nxb4 axb4 14. a3 bxa3
15. bxa3 c6 16. Bc4 b5 17. Bd3 Qa5+ 18. Qd2 Qb6 19. c3 Kf7 20. Rg1 Ra4 21. Qe3
Qa5 22. Bc2 h5 23. Bxa4 Qxa4 24. Qe4 Ke8 25. Qxc6 Qb3 26. Qc8+ Kf7 27. Qxd7 Qb2
28. Rd1 Qxc3+ 29. Rd2 b4 30. axb4 Qxb4 31. Qc7 Qb1+ 32. Rd1 Qb4+ 33. Rd2 Qb1+
34. Rd1 Qb4+ 35. Ke2 Qb5+ 36. Rd3 Qb2+ 37. Ke3 Qb4 38. d5 Bh6 39. Rd4 Qd6 40.
Qxd6 exd6 41. Ra4 h4 42. Ra6 Ke7 43. Kd4 Bxf4 44. Kc4 Bh2 45. Rg2 Be5 46. Kb5
f5 47. Bxe5 dxe5 48. Rg5 e4 49. Rxf5 e3 50. fxe3 1-0

[Event "SR 5. liga SE-SI 2014/2015"]
[Site "?"]
[Date "2015.03.21"]
[Round "11.4"]
[White "Mysicka, Miroslav"]
[Black "Buran, Andrej"]
[Result "1-0"]
[WhiteElo "1801"]
[BlackElo "1586"]
[PlyCount "51"]
[EventDate "2014.??.??"]

1. e4 e5 2. Nf3 Nc6 3. Bc4 Bc5 4. O-O d6 5. h3 Nf6 6. d3 h6 7. a3 Bd7 8. b4 Bb6
9. Bb2 Qe7 10. Nc3 O-O-O 11. Nd5 Nxd5 12. Bxd5 g5 13. Qd2 Rdg8 14. a4 g4 15.
Ne1 gxh3 16. g3 Rxg3+ 17. Kh1 Rg6 18. a5 Rhg8 19. axb6 a6 20. b5 Nb8 21. bxc7
Kxc7 22. Qa5+ Kc8 23. Bxb7+ Kxb7 24. bxa6+ Ka8 25. Qc7 Bc6 26. Qxe7 1-0

[Event "SR 5. liga SE-SI 2014/2015"]
[Site "?"]
[Date "2015.03.21"]
[Round "11.4"]
[White "Mudroch, Martin"]
[Black "Drozd, Jan"]
[Result "0-1"]
[WhiteElo "1342"]
[BlackElo "1509"]
[PlyCount "60"]
[EventDate "2014.??.??"]

1. e4 c5 2. Nf3 d6 3. d4 cxd4 4. Nxd4 Nf6 5. Nc3 g6 6. Be2 Bg7 7. Be3 O-O 8.
Qd2 Bd7 9. Bh6 Nc6 10. Nf3 Rc8 11. Ng5 Bxh6 12. f4 Bxg5 13. fxg5 Ne8 14. h4 Ne5
15. Qf4 f5 16. Qh2 Ng7 17. exf5 Bxf5 18. O-O-O Ng4 19. Bxg4 Bxg4 20. Rd4 Be6
21. g4 Rc4 22. Rxc4 Bxc4 23. h5 Bf7 24. hxg6 Bxg6 25. Nd5 e6 26. Nf6+ Rxf6 27.
gxf6 Qxf6 28. Qxd6 Ne8 29. Qb8 Qf3 30. Rg1 Qe3+ 0-1

[Event "SR 5. liga SE-SI 2014/2015"]
[Site "?"]
[Date "2015.03.21"]
[Round "11.4"]
[White "Vasek, Rudolf"]
[Black "Musaev, Urmat"]
[Result "0-1"]
[WhiteElo "1470"]
[BlackElo "1000"]
[PlyCount "90"]
[EventDate "2014.??.??"]

1. d4 d5 2. f4 Nf6 3. Nf3 c5 4. e3 e6 5. c3 Nbd7 6. Be2 b6 7. O-O Bb7 8. Ne5
Ne4 9. g3 f6 10. Nxd7 Qxd7 11. Nd2 cxd4 12. exd4 Bd6 13. Nf3 h5 14. Nh4 O-O-O
15. Ng6 Rh7 16. Be3 h4 17. Nxh4 g5 18. fxg5 fxg5 19. Nf3 Qg7 20. Bd3 Rdh8 21.
Bxe4 dxe4 22. Nxg5 Rxh2 23. Qg4 R8h6 24. Rac1 R2h3 25. Bf4 e3 26. Qxh3 Rxh3 27.
Bxe3 Bxg3 28. Nxh3 Bh4+ 29. Ng5 Bxg5 30. Bxg5 Qxg5+ 31. Kf2 Qf4+ 32. Ke2 Qe4+
33. Kd2 Qg2+ 34. Ke3 Qxb2 35. Rf8+ Kc7 36. Rf7+ Kc6 37. d5+ exd5 38. Rf6+ Kc5
39. Rff1 Ba6 40. Rfe1 Qg2 41. a3 Bc8 42. Rg1 Qh3+ 43. Kd2 Bf5 44. a4 Qd3+ 45.
Ke1 Qe3+ 0-1

[Event "SR 5. liga SE-SI 2014/2015"]
[Site "?"]
[Date "2015.03.21"]
[Round "11.4"]
[White "Musaev, Matej Elbek"]
[Black "Lauko, Lukas"]
[Result "1-0"]
[WhiteElo "1070"]
[BlackElo "1000"]
[PlyCount "99"]
[EventDate "2014.??.??"]

1. e4 Nc6 2. Nf3 e5 3. Bc4 d6 4. c3 Be7 5. d4 Bg4 6. dxe5 Bxf3 7. Qxf3 Nxe5 8.
Qe2 Nxc4 9. Qxc4 Nf6 10. O-O Qd7 11. Be3 d5 12. exd5 Nxd5 13. Na3 Nxe3 14. fxe3
O-O 15. Rad1 Qe8 16. Nc2 Bg5 17. Rf3 Rd8 18. Rxd8 Qxd8 19. Qe4 Re8 20. Qf5 g6
21. Qxf7+ Kh8 22. Qb3 Bh4 23. Nd4 Re7 24. Qa3 b6 25. Ne6 Qd1+ 26. Rf1 Bf2+ 27.
Kxf2 Rf7+ 28. Nf4 Qd2+ 29. Kf3 Qd5+ 30. Ke2 Qc4+ 31. Kd2 Rd7+ 32. Ke1 Kg7 33.
Ne6+ Kh6 34. Qf8+ Kh5 35. Ng7+ Kg5 36. Qf6+ Kh6 37. Nf5+ Kh5 38. Ng3+ Kh6 39.
Rf4 Rd1+ 40. Kxd1 Qd3+ 41. Ke1 Qxe3+ 42. Ne2 Qxf4 43. Qxf4+ g5 44. Qf6+ Kh5 45.
Ng3+ Kh4 46. Nf5+ Kg4 47. Ke2 h5 48. Ke3 h4 49. h3+ Kh5 50. Qh6# 1-0

[Event "SR 5. liga SE-SI 2014/2015"]
[Site "?"]
[Date "2015.03.21"]
[Round "11.4"]
[White "Gabris, Lubos"]
[Black "Svarc, Vaclav"]
[Result "1-0"]
[WhiteElo "1000"]
[BlackElo "1094"]
[PlyCount "115"]
[EventDate "2014.??.??"]

1. e4 e5 2. Nf3 Nc6 3. Nc3 Nf6 4. d3 Bb4 5. a3 Bc5 6. b4 Bd4 7. Nxd4 Nxd4 8. g3
d6 9. Bg5 Bg4 10. Be2 h5 11. Bxg4 hxg4 12. Bxf6 gxf6 13. Qxg4 Nxc2+ 14. Kd2
Nxa1 15. Rxa1 Qd7 16. Qg7 O-O-O 17. Qxf6 Rxh2 18. Nd5 Rdh8 19. Rc1 c6 20. Ne7+
Kd8 21. Nf5+ Kc7 22. b5 Rxf2+ 23. Kc3 d5 24. Qxh8 d4+ 25. Kb4 Rb2+ 26. Ka4 c5
27. Rxc5+ Kb6 28. Qxe5 a6 29. Nxd4 Qd8 30. Nf3 Qa8 31. Qxb2 axb5+ 32. Kb3 Kxc5
33. Qe5+ Kb6 34. Qf6+ Kc5 35. Qd4+ Kc6 36. Ne5+ Kc7 37. Qd7+ Kb8 38. Qd8+ Ka7
39. Qxa8+ Kxa8 40. Nxf7 Ka7 41. g4 Kb6 42. a4 bxa4+ 43. Kxa4 Kc7 44. g5 Kd7 45.
Ne5+ Ke6 46. g6 Kf6 47. d4 Kg7 48. d5 Kf6 49. d6 Kxe5 50. g7 Kxd6 51. g8=Q Kc6
52. Qc4+ Kb6 53. e5 Ka7 54. e6 Kb6 55. e7 Ka7 56. e8=R b6 57. Qc7+ Ka6 58. Ra8#
1-0

[Event "SR 5. liga SE-SI 2014/2015"]
[Site "?"]
[Date "2015.03.21"]
[Round "11.5"]
[White "Hrubos, Milan"]
[Black "Ulehla, Jakub"]
[Result "1-0"]
[WhiteElo "1771"]
[BlackElo "1479"]
[PlyCount "61"]
[EventDate "2014.??.??"]

1. e4 e5 2. Nf3 Nc6 3. Bb5 a6 4. Ba4 Nf6 5. O-O d6 6. Re1 Be7 7. h3 b5 8. Bb3
Na5 9. c3 Nxb3 10. axb3 O-O 11. d4 exd4 12. Nxd4 c5 13. Nc6 Qc7 14. Nxe7+ Qxe7
15. Bf4 Rd8 16. Nd2 Qc7 17. c4 b4 18. Qc2 Qc6 19. Bg5 Kh8 20. Re3 Re8 21. Bxf6
gxf6 22. Rf3 Rg8 23. Re1 Rg6 24. Nf1 Bb7 25. Ng3 Rag8 26. Qd3 h5 27. Rf5 Rg5
28. h4 Rxf5 29. Nxf5 Rd8 30. Qf3 Kg8 31. Ne7+ 1-0

[Event "SR 5. liga SE-SI 2014/2015"]
[Site "?"]
[Date "2015.03.21"]
[Round "11.5"]
[White "Trojkova, Michaela"]
[Black "Zlamal, Marek"]
[Result "0-1"]
[WhiteElo "1461"]
[BlackElo "1671"]
[PlyCount "62"]
[EventDate "2014.??.??"]

1. e4 e5 2. Nf3 d6 3. d4 exd4 4. Qxd4 Nc6 5. Bb5 Bd7 6. Bxc6 Bxc6 7. Nc3 Qf6 8.
Qd3 Qg6 9. O-O Nf6 10. Re1 O-O-O 11. Nd4 Bd7 12. b4 d5 13. a3 dxe4 14. Qe3 Ng4
15. Qxe4 Re8 16. Qxe8+ Bxe8 17. Rxe8+ Kd7 18. Re4 Bd6 19. h3 Nxf2 20. Kxf2 Qg3+
21. Kf1 Qxc3 22. Rb1 f5 23. Nxf5 Qxc2 24. Nxd6 Rf8+ 25. Kg1 Qd1+ 26. Kh2 Qxd6+
27. Kg1 Qd3 28. Rb2 Rf1+ 29. Kh2 Qxe4 30. Rd2+ Kc8 31. Bb2 Qf4+ 0-1

[Event "SR 5. liga SE-SI 2014/2015"]
[Site "?"]
[Date "2015.03.21"]
[Round "11.5"]
[White "Sladek, Michal"]
[Black "Kaufman, Robert"]
[Result "0-1"]
[WhiteElo "1257"]
[BlackElo "1127"]
[PlyCount "52"]
[EventDate "2014.??.??"]

1. e4 e5 2. Nf3 Nc6 3. Bb5 a6 4. Ba4 b5 5. Bb3 Bc5 6. a3 Nf6 7. d3 O-O 8. Nc3
d6 9. h3 Be6 10. Bd5 Bxd5 11. Nxd5 Nxd5 12. exd5 Ne7 13. c4 c6 14. dxc6 Nxc6
15. O-O Nd4 16. b4 Bb6 17. Re1 f6 18. Bb2 Ne6 19. d4 bxc4 20. Rc1 Rc8 21. dxe5
dxe5 22. Nd2 Nf4 23. Re4 Nd3 24. Rcxc4 Nxf2 25. Qb3 Nxe4+ 26. Kh2 Nxd2 0-1

[Event "SR 5. liga SE-SI 2014/2015"]
[Site "?"]
[Date "2015.03.21"]
[Round "11.5"]
[White "Oslej, Marek"]
[Black "Sefcik, Oliver"]
[Result "0-1"]
[WhiteElo "1000"]
[BlackElo "1000"]
[PlyCount "48"]
[EventDate "2014.??.??"]

1. e4 e5 2. Nf3 Nc6 3. Bc4 Bc5 4. Nc3 Nf6 5. O-O d6 6. d3 Bg4 7. Be3 Bb6 8. h3
Bh5 9. Bg5 O-O 10. Nd5 Nd4 11. Nxf6+ gxf6 12. Be3 Bxf3 13. gxf3 Kh8 14. Kh1 Rg8
15. Bxf7 Rg7 16. Bc4 Qd7 17. Kh2 c6 18. Bh6 Rg6 19. Be3 d5 20. exd5 cxd5 21.
Bxd4 exd4 22. Bb3 Rag8 23. h4 Rg2+ 24. Kh1 Qh3# 0-1

[Event "SR 5. liga SE-SI 2014/2015"]
[Site "?"]
[Date "2015.03.21"]
[Round "11.5"]
[White "Daniel, Dusan"]
[Black "Krusinsky, Mojmir"]
[Result "1-0"]
[WhiteElo "1000"]
[BlackElo "1000"]
[PlyCount "75"]
[EventDate "2014.??.??"]

1. d4 e6 2. e4 Nf6 3. Nc3 Nc6 4. Nf3 Bb4 5. Bd3 O-O 6. O-O d5 7. Bg5 dxe4 8.
Nxe4 Nxd4 9. c3 Nxf3+ 10. Qxf3 Ba5 11. Bxf6 gxf6 12. Nxf6+ Kh8 13. Nxh7 Re8 14.
Qxf7 Qxd3 15. Qxe8+ Kxh7 16. Qh5+ Kg7 17. Qxa5 b6 18. Qe5+ Kf7 19. Qxc7+ Kf6
20. Rad1 Qg6 21. Rd8 Bb7 22. f3 Qg5 23. Rxa8 Bxa8 24. Qd8+ Kf5 25. Qxa8 Qe3+
26. Kh1 Qe2 27. Qe4+ Qxe4 28. fxe4+ Kxe4 29. h4 Ke3 30. h5 e5 31. h6 Ke2 32.
Rf7 e4 33. h7 e3 34. h8=Q Kd1 35. Qd4+ Ke2 36. Re7 Kf2 37. Qxe3+ Kf1 38. Qe1#
1-0

[Event "SR 5. liga SE-SI 2014/2015"]
[Site "?"]
[Date "2015.03.21"]
[Round "11.6"]
[White "Bartos, Bohumil"]
[Black "Klimes, Karel"]
[Result "1/2-1/2"]
[WhiteElo "1502"]
[BlackElo "1688"]
[PlyCount "89"]
[EventDate "2014.??.??"]

1. d4 d5 2. c4 Nf6 3. cxd5 Nxd5 4. e4 Nf6 5. Nc3 e6 6. Nf3 Bb4 7. Bd3 h6 8. a3
Ba5 9. O-O O-O 10. h3 Nc6 11. Be3 a6 12. Rc1 b5 13. Nxb5 axb5 14. Rxc6 Bb7 15.
Rc5 Nxe4 16. Rxb5 Bc6 17. Re5 f5 18. Rxe6 Qd7 19. Bc4 Bd5 20. Bxd5 Qxd5 21. Re5
Qb7 22. b4 Bb6 23. Qb3+ Kh7 24. Ra1 c6 25. Qe6 Rae8 26. Qc4 Rd8 27. Rc1 Rf6 28.
Re6 Rd6 29. Re8 f4 30. Qg8+ Kg6 31. Ne5+ Kh5 32. Rb8 Qa7 33. Qe8+ g6 34. Bxf4
Rxf4 35. g4+ Kg5 36. Rxb6 Qxb6 37. Qe7+ Rdf6 38. Nf7+ Kh4 39. Ne5 Kxh3 40. Rd1
Nxf2 41. Rd2 Nxg4 42. Rd3+ Kh4 43. Nxg6+ Kg5 44. Nxf4 Kxf4 45. Qe2 1/2-1/2

[Event "SR 5. liga SE-SI 2014/2015"]
[Site "?"]
[Date "2015.03.21"]
[Round "11.6"]
[White "Filipek, Norbert"]
[Black "Baumgartner, Milan"]
[Result "1/2-1/2"]
[WhiteElo "1414"]
[BlackElo "1585"]
[PlyCount "58"]
[EventDate "2014.??.??"]

1. e4 e5 2. Nf3 Nc6 3. d4 exd4 4. Nxd4 Nxd4 5. Qxd4 Qf6 6. Qxf6 Nxf6 7. Bd3 Bc5
8. h3 O-O 9. Bg5 Bd4 10. c3 Bb6 11. Bxf6 gxf6 12. Nd2 d6 13. g4 Bd7 14. Rh2 Be6
15. Rg2 Kh8 16. O-O-O a5 17. f3 a4 18. a3 Be3 19. Re1 Bxd2+ 20. Kxd2 Ra5 21. h4
b5 22. g5 Rg8 23. Reg1 fxg5 24. hxg5 c5 25. f4 d5 26. e5 d4 27. f5 Bd5 28. Rh2
c4 29. Bf1 Be4 1/2-1/2

[Event "SR 5. liga SE-SI 2014/2015"]
[Site "?"]
[Date "2015.03.21"]
[Round "11.6"]
[White "Spanik, Ondrej"]
[Black "Sobekova, Adela"]
[Result "1-0"]
[WhiteElo "1228"]
[BlackElo "1000"]
[PlyCount "117"]
[EventDate "2014.??.??"]

1. e4 e5 2. Nf3 Nc6 3. Bb5 a6 4. Bxc6 dxc6 5. d3 Bg4 6. Nc3 Bb4 7. Bd2 Qf6 8.
h3 Bxf3 9. Qxf3 Qxf3 10. gxf3 Ne7 11. Rg1 g6 12. a3 Ba5 13. Bg5 f5 14. Bf6 Rf8
15. Bxe5 Bb6 16. Bg3 fxe4 17. fxe4 O-O-O 18. Rf1 Bd4 19. Bh4 Rd7 20. O-O-O Rf3
21. Bg3 Ng8 22. Ne2 Bb6 23. Ng1 Rf8 24. f4 Rdf7 25. Ne2 Be3+ 26. Kb1 Bxf4 27.
Rxf4 g5 28. Rxf7 Rxf7 29. Nd4 h5 30. Nf5 g4 31. h4 Ne7 32. Rf1 Kd7 33. Rf2 Nxf5
34. Rxf5 Rxf5 35. exf5 c5 36. Be5 c6 37. Kc1 Ke7 38. Kd2 g3 39. Ke3 Kf7 40. Kf3
g2 41. Kxg2 b5 42. Kf3 b4 43. axb4 cxb4 44. b3 Kg8 45. Kf4 c5 46. Kg5 Kh7 47.
Bd6 c4 48. dxc4 a5 49. c5 a4 50. bxa4 b3 51. cxb3 Kg7 52. Kxh5 Kh7 53. Bh2 Kg7
54. c6 Kf7 55. f6 Kg8 56. c7 Kh7 57. b4 Kh8 58. f7 Kh7 59. c8=Q 1-0

[Event "SR 5. liga SE-SI 2014/2015"]
[Site "?"]
[Date "2015.03.21"]
[Round "11.6"]
[White "Kratochvilova, Lenka"]
[Black "Spacek, Jan"]
[Result "1-0"]
[WhiteElo "1153"]
[BlackElo "1119"]
[PlyCount "101"]
[EventDate "2014.??.??"]

1. e4 e5 2. Nf3 Nc6 3. Bc4 Bc5 4. d3 d6 5. Nc3 Nge7 6. Ng5 O-O 7. Qh5 h6 8.
Nxf7 Rxf7 9. Qxf7+ Kh8 10. Be3 Qg8 11. Qxg8+ Nxg8 12. O-O Nf6 13. Bxc5 dxc5 14.
Nd5 Nxd5 15. exd5 Nd4 16. c3 Ne2+ 17. Kh1 Nf4 18. Rfe1 Ng6 19. Rad1 Bd7 20. d4
cxd4 21. cxd4 exd4 22. Rxd4 a6 23. d6 c6 24. Bd3 Nf8 25. Re5 Ne6 26. Rb4 b5 27.
Bf5 c5 28. Rg4 Re8 29. Bxe6 Rxe6 30. Rxe6 Bxe6 31. Re4 Bd7 32. Re7 Bc6 33. Rc7
Bxg2+ 34. Kxg2 c4 35. Ra7 b4 36. Rxa6 c3 37. bxc3 bxc3 38. Rc6 Kh7 39. d7 Kh8
40. d8=Q+ Kh7 41. Rxc3 h5 42. Rc7 Kh6 43. Qd2+ Kg6 44. Qd4 Kf5 45. Qxg7 h4 46.
Qf8+ Ke5 47. Re7+ Kd5 48. Qd8+ Kc4 49. Rc7+ Kb5 50. Qb8+ Ka5 51. Ra7# 1-0

[Event "SR 5. liga SE-SI 2014/2015"]
[Site "?"]
[Date "2015.03.21"]
[Round "11.6"]
[White "Pekar, Pavol"]
[Black "Fajtakova, Silvia"]
[Result "0-1"]
[WhiteElo "1184"]
[BlackElo "1188"]
[PlyCount "74"]
[EventDate "2014.??.??"]

1. d4 d5 2. c4 e6 3. Nc3 Bb4 4. Nf3 Nf6 5. Bg5 O-O 6. e3 Nc6 7. a3 Bd6 8. Bd3
Be7 9. O-O b6 10. Rc1 Qd6 11. Nb5 Qd8 12. cxd5 Nh5 13. Nxc7 Qxc7 14. Bxe7 Qxe7
15. d6 Qxd6 16. Rxc6 Qxc6 17. Qb1 f5 18. Ne5 Qd6 19. Be2 Nf6 20. Bc4 Nd7 21.
Nxd7 Bxd7 22. Qd3 a5 23. Re1 Rab8 24. f3 Rf6 25. Ba2 Rc8 26. Bb1 Ba4 27. Qd2
Rf7 28. Qd3 Rfc7 29. Qd2 Bb3 30. g3 g6 31. Bd3 Bc4 32. Bxc4 Rxc4 33. Re2 Rc1+
34. Kg2 Qc6 35. Qd3 Rc2 36. Rxc2 Qxc2+ 37. Qxc2 Rxc2+ 0-1

[Event "SR 5. liga SE-SI 2015/2016"]
[Site "?"]
[Date "2015.10.24"]
[Round "1.1"]
[White "Kanka, Tomas"]
[Black "Brunovsky, Peter"]
[Result "1/2-1/2"]
[WhiteElo "1691"]
[BlackElo "1852"]
[PlyCount "49"]
[EventDate "2015.??.??"]

1. e4 c6 2. f4 d5 3. exd5 cxd5 4. d4 Nc6 5. Nf3 g6 6. c3 Bg7 7. Bb5 f6 8. O-O
Nh6 9. Na3 O-O 10. Bd2 Kh8 11. Qb3 a6 12. Bd3 b5 13. Rae1 Nf7 14. Nh4 f5 15.
Nf3 e6 16. Nc2 Na5 17. Qa3 Bf6 18. b3 Be7 19. Qb2 Bf6 20. Qa3 Be7 21. Qb2 Nd6
22. Ne5 Bf6 23. Nb4 Bxe5 24. dxe5 Ne4 25. Bxe4 1/2-1/2

[Event "SR 5. liga SE-SI 2015/2016"]
[Site "?"]
[Date "2015.10.24"]
[Round "1.1"]
[White "Hyza, Richard"]
[Black "Zajicek, Ferdinand"]
[Result "0-1"]
[WhiteElo "1000"]
[BlackElo "1760"]
[PlyCount "98"]
[EventDate "2015.??.??"]

1. e4 c5 2. Nc3 Nc6 3. Nf3 d6 4. Bc4 Nf6 5. d3 g6 6. h3 Bg7 7. Be3 O-O 8. O-O
Bd7 9. Nd5 Nxd5 10. Bxd5 Qc7 11. Qd2 Ne5 12. Nxe5 Bxe5 13. Bf4 Bg7 14. Rae1 a5
15. Rd1 e6 16. Bc4 b5 17. Bxb5 Bxb5 18. Rb1 c4 19. Rbc1 Rfd8 20. Rfe1 Bxb2 21.
Rb1 c3 22. Qe2 Qc5 23. Be3 Qa3 24. Red1 Qxa2 25. Re1 f5 26. exf5 exf5 27. Rbd1
Re8 28. Qf3 Qf7 29. Re2 a4 30. Bd4 a3 31. Rde1 a2 32. Kh2 a1=Q 33. Rxa1 Rxa1
34. Rxe8+ Bxe8 35. Kg3 Ra4 36. Be3 f4+ 37. Bxf4 Qxf4+ 38. Qxf4 Rxf4 39. Kxf4
Ba4 40. g3 Bxc2 41. d4 Bd1 42. Ke3 c2 43. Ke4 c1=Q 44. Kd5 Bf3+ 45. Kxd6 Bxd4
46. h4 Qc6+ 47. Ke7 Bc5+ 48. Kd8 Bg4 49. f3 Qd7# 0-1

[Event "SR 5. liga SE-SI 2015/2016"]
[Site "?"]
[Date "2015.10.24"]
[Round "1.1"]
[White "Papanek, Lubomir"]
[Black "Horinka, Tomas"]
[Result "1-0"]
[WhiteElo "1647"]
[BlackElo "1000"]
[PlyCount "95"]
[EventDate "2015.??.??"]

1. e4 e5 2. Nf3 Nc6 3. Bb5 Bc5 4. c3 Be7 5. d4 d6 6. O-O Nf6 7. d5 Bd7 8. dxc6
Bxc6 9. Bxc6+ bxc6 10. Re1 Rb8 11. b3 O-O 12. Bg5 h6 13. Bxf6 Bxf6 14. c4 c5
15. Nc3 Qd7 16. Qc2 Rfe8 17. Rad1 Rb7 18. Na4 Reb8 19. Nxc5 Qe8 20. Nxb7 Rxb7
21. Rd5 Be7 22. Qe2 c6 23. Rd3 Rb8 24. Nd2 a5 25. Nf1 Rb7 26. Qg4 Rb8 27. Ng3
g6 28. Nf5 h5 29. Nxe7+ Qxe7 30. Qd1 Qd7 31. Rxd6 Qe8 32. Qf3 Qe7 33. Red1 Re8
34. Rd7 Qf8 35. Qf6 Qg7 36. Qxg7+ Kxg7 37. Ra7 Kg8 38. Rdd7 Rf8 39. Rxa5 Kg7
40. Raa7 Kg8 41. Kf1 Kg7 42. Ke2 Kg8 43. Ke3 c5 44. f4 exf4+ 45. Kxf4 Kg7 46.
Kg5 h4 47. e5 Kg8 48. Kf6 1-0

[Event "SR 5. liga SE-SI 2015/2016"]
[Site "?"]
[Date "2015.10.24"]
[Round "1.1"]
[White "Volek, Vladimir"]
[Black "Drska, Michal"]
[Result "0-1"]
[WhiteElo "1000"]
[BlackElo "1646"]
[PlyCount "70"]
[EventDate "2015.??.??"]

1. e4 e5 2. Nf3 Nc6 3. Nc3 Nf6 4. Bc4 d6 5. d3 Bg4 6. h3 Bh5 7. Bg5 Be7 8. O-O
O-O 9. Qd2 Bxf3 10. Nd5 Bh5 11. Qc3 Nxd5 12. Bxd5 Bxg5 13. Rae1 Nd4 14. Qb4 Be2
15. Bxb7 Rb8 16. c3 Nc2 17. Rxe2 Nxb4 18. cxb4 Rxb7 19. a3 d5 20. Rfe1 d4 21.
b3 a5 22. Ra1 axb4 23. axb4 Rxb4 24. Rb1 Qd6 25. Ra2 Rfb8 26. Rba1 Rxb3 27. h4
Rb1+ 28. Kh2 Bxh4 29. Ra8 Rxa1 30. Rxa1 Qf6 31. Rf1 Rb2 32. Ra1 g6 33. Ra8+ Kg7
34. f3 Qxf3 35. Ra1 Qxg2# 0-1

[Event "SR 5. liga SE-SI 2015/2016"]
[Site "?"]
[Date "2015.10.24"]
[Round "1.1"]
[White "Ralbovsky, Dominik"]
[Black "Daniel, Jakub"]
[Result "0-1"]
[WhiteElo "1000"]
[BlackElo "1000"]
[PlyCount "68"]
[EventDate "2015.??.??"]

1. e4 e5 2. Nf3 Nc6 3. d3 Bc5 4. Be3 Bxe3 5. fxe3 Nf6 6. c4 Ng4 7. Qd2 b6 8. h3
Nf6 9. g4 Bb7 10. Qh2 d6 11. Nc3 Qd7 12. a3 O-O-O 13. b4 Kb8 14. Nd5 Rhe8 15.
g5 Nh5 16. b5 Na5 17. Rb1 f6 18. h4 h6 19. Bh3 f5 20. Bxf5 Qf7 21. g6 Qf8 22.
d4 Nf6 23. Nxf6 Qxf6 24. d5 Nxc4 25. h5 Nxe3 26. Qh4 Ng2+ 27. Kf1 Nxh4 28. Nxh4
Qg5 29. Ng2 Qg3 30. Be6 Qd3+ 31. Kg1 Qxb1+ 32. Kh2 Qxe4 33. Bf7 Bxd5 34. Bxe8
Qxg2# 0-1

[Event "SR 5. liga SE-SI 2015/2016"]
[Site "?"]
[Date "2015.10.24"]
[Round "1.2"]
[White "Wallner, Juraj"]
[Black "Cerovsky, Marian"]
[Result "0-1"]
[WhiteElo "1565"]
[BlackElo "1817"]
[PlyCount "57"]
[EventDate "2015.??.??"]

1. e4 d5 2. exd5 Qxd5 3. Nc3 Qd8 4. d4 c6 5. Nf3 Bg4 6. Be2 Nf6 7. h3 Bd7 8.
Be3 e6 9. Qd2 Bb4 10. a3 Bxc3 11. Qxc3 Nd5 12. Qd3 Nxe3 13. fxe3 Qa5+ 14. c3 c5
15. O-O cxd4 16. exd4 Nc6 17. Qe3 h6 18. b4 Qc7 19. d5 Ne7 20. Ne5 Nxd5 21. Qd4
Qxc3 22. Qf2 Qxe5 23. Qxf7+ Kd8 24. Bg4 Re8 25. Rae1 Qd4+ 26. Kh1 Ne3 27. Rf4
Qd2 28. Re2 Qd1+ 29. Kh2 0-1

[Event "SR 5. liga SE-SI 2015/2016"]
[Site "?"]
[Date "2015.10.24"]
[Round "1.2"]
[White "Damborsky, Pavol"]
[Black "Tomasovic, Roman"]
[Result "0-1"]
[WhiteElo "1715"]
[BlackElo "1532"]
[PlyCount "65"]
[EventDate "2015.??.??"]

1. c4 d6 2. Nc3 Nc6 3. g3 e5 4. Bg2 Nf6 5. e3 Be7 6. Nge2 Bg4 7. O-O O-O 8. f3
Be6 9. b3 d5 10. cxd5 Nxd5 11. Bb2 f6 12. Rc1 Ncb4 13. d4 Nxe3 14. Qd2 Nxf1 15.
Bxf1 c5 16. Ra1 cxd4 17. Ne4 Rc8 18. Ba3 Qb6 19. Kg2 Rc7 20. Bxb4 Bxb4 21. Qd1
Re8 22. a3 Be7 23. Nd2 Bd5 24. Nc1 Kh8 25. Ne4 Qe6 26. Be2 b5 27. Nd2 a6 28.
Bd3 f5 29. Qe2 Bg5 30. Kf2 Bxd2 31. Qxd2 e4 32. fxe4 fxe4 33. Ne2 {nehrate3/4né
} 0-1